| 000 | 00716nam a2200253 4500 | ||
|---|---|---|---|
| 999 |
_c2252 _d2252 |
||
| 001 | 1223458 | ||
| 003 | GZU | ||
| 005 | 20201028112343.0 | ||
| 008 | 720504s1964 nyu b 000 0 eng | ||
| 010 | _a 63023464 | ||
| 040 |
_aDLC _cDLC _dDLC |
||
| 043 | _an-us--- | ||
| 050 | 0 | 0 |
_aHV741 _b.Y6 |
| 082 | 0 | 0 | _a362.74 |
| 100 | 1 | _aYoung, Leontine R. | |
| 245 | 1 | 0 |
_aWednesday's children; _ba study of child neglect and abuse. |
| 250 | _a[1st ed.] | ||
| 260 |
_aNew York, _bMcGraw-Hill _c[1964] |
||
| 300 |
_a195 p. _c21 cm. |
||
| 504 | _aBibliography: p. 187-191. | ||
| 650 | 0 |
_aChild welfare _zUnited States. |
|
| 906 |
_a7 _bcbc _corignew _du _eocip _f19 _gy-gencatlg |
||
| 942 |
_2lcc _cBK _e1st ed. _h741 _iYOU _kHV _m1964 |
||